Southville International School and Colleges
Your cart is empty.
  • Cart
  • Lists
    Public lists Eva Luna New books Lux_list list_1
    Your lists Log in to create your own lists
  • Log in to your account
  • Your cookies
  • Search history
Southville International School and Colleges
  • Advanced search
  • Recent comments
  • Most popular
  • Libraries

Log in to your account

Log in with GOOGLE


If you do not have an external account, but do have a local account, you can still log in:

  1. Home
  2. MARC view: The History of England :
Normal view MARC view ISBD view

The History of England : (Record no. 245934)

[ view plain ]
MARC details
000 -LEADER
fixed length control field 00992cam a22002893a 4500
001 - CONTROL NUMBER
control field 16679
003 - CONTROL NUMBER IDENTIFIER
control field PGUSA
005 - DATE AND TIME OF LATEST TRANSACTION
control field 20140828083345.0
008 - FIXED-LENGTH DATA ELEMENTS--GENERAL INFORMATION
fixed length control field 050910s2005||||xxu|||||s|||||000 | eng d
040 ## - CATALOGING SOURCE
Original cataloging agency PGUSA
Language of cataloging eng
042 ## - AUTHENTICATION CODE
Authentication code dc
050 #4 - LIBRARY OF CONGRESS CALL NUMBER
Classification number DA
100 1# - MAIN ENTRY--PERSONAL NAME
Personal name Tout, T. F.
Fuller form of name (Thomas Frederick),
Dates associated with a name 1855-1929
245 14 - TITLE STATEMENT
Title The History of England :
Remainder of title From the Accession of Henry III. to the Death of Edward III. (1216-1377)
Medium [electronic resource] /
Statement of responsibility, etc T. F. Tout
260 ## - PUBLICATION, DISTRIBUTION, ETC. (IMPRINT)
Name of publisher, distributor, etc Project Gutenberg,
Date of publication, distribution, etc 2005
506 ## - RESTRICTIONS ON ACCESS NOTE
Terms governing access Public domain in the USA.
516 ## - TYPE OF COMPUTER FILE OR DATA NOTE
Type of computer file or data note Electronic text
653 ## - INDEX TERM--UNCONTROLLED
Uncontrolled term Great Britain -- History -- 14th century
653 ## - INDEX TERM--UNCONTROLLED
Uncontrolled term Great Britain -- History -- 13th century
653 ## - INDEX TERM--UNCONTROLLED
Uncontrolled term Plantagenet, House of
653 ## - INDEX TERM--UNCONTROLLED
Uncontrolled term Great Britain -- History -- Plantagenets, 1154-1399
700 1# - ADDED ENTRY--PERSONAL NAME
Personal name Hunt, William,
Dates associated with a name 1842-1931
700 1# - ADDED ENTRY--PERSONAL NAME
Personal name Poole, Reginald Lane,
Dates associated with a name 1857-1939
830 #0 - SERIES ADDED ENTRY--UNIFORM TITLE
Uniform title Project Gutenberg
Volume number/sequential designation 16679
856 40 - ELECTRONIC LOCATION AND ACCESS
Uniform Resource Identifier <a href="http://www.gutenberg.org/ebooks/16679">http://www.gutenberg.org/ebooks/16679</a>
942 ## - ADDED ENTRY ELEMENTS (KOHA)
Koha item type eBooks
Holdings
Withdrawn status Lost status Damaged status Home library Current library Date acquired Total Checkouts Date last seen Price effective from Koha item type
      Project Gutenberg Project Gutenberg 08/28/2014   08/28/2014 08/28/2014 eBooks

The History of England :

APA

Tout T. F., Hunt W. & Poole R. L. (2005). The History of England. : Project Gutenberg.

Chicago

Tout T F, Hunt William and Poole Reginald Lane. 2005. The History of England. : Project Gutenberg.

Harvard

Tout T. F., Hunt W. and Poole R. L. (2005). The History of England. : Project Gutenberg.

MLA

Tout T F, Hunt William and Poole Reginald Lane. The History of England. : Project Gutenberg. 2005.

  • Place hold
  • Print
  • Cite
  • Add to your cart (remove)
  • Save record
    BIBTEX Dublin Core MARCXML MARC (non-Unicode/MARC-8) MARC (Unicode/UTF-8) MARC (Unicode/UTF-8, Standard) MODS (XML) RIS
  • More searches
    Search for this title in:
    Other Libraries (WorldCat) Other Databases (Google Scholar) Online Stores (Bookfinder.com) Open Library (openlibrary.org)

Exporting to Dublin Core...

SOUTHVILLE LIBRARY

Southville International School and Colleges Library

1281 Tropical Ave. Cor. Luxembourg St., BF Homes International, Las Pinas City

Tel. No. 8256374 / 252358 Loc. 117/146

Powered by Koha